000 00436nam a22001697a 4500
003 NUST - PNEC
005 20170116181056.0
008 151001b xxu||||| |||| 00| 0 eng d
020 _a086341172x
040 _cLIBRARY
082 _a621.3848 GAL
100 _912083
_aGalati, Gaspare
245 _aAdvanced radar techniques and systems
_cGaspare,Galati
260 _cc 1993
650 _912084
_aRadar
_xMIS/MS COM
942 _2ddc
_cBK
999 _c68565
_d68565